|
|
|
|
| LEADER |
00747nam a2200241 a 4500 |
| 001 |
000587328 |
| 003 |
CZ BrMZK |
| 005 |
20110111081615.0 |
| 007 |
ta |
| 008 |
020215s1976 xo a f slo d |
| 020 |
|
|
|q (Váz.)
|
| 040 |
|
|
|a BOA001
|b cze
|c ze
|d BOA001
|
| 080 |
|
|
|a 595.2/.7
|2 MRF
|
| 100 |
1 |
|
|a Ponec, Jozef,
|d 1918-2006
|7 ola2002109774
|4 aut
|
| 245 |
1 |
0 |
|a Hmyz okolo nás /
|c Jozef Ponec
|
| 250 |
|
|
|a 1. vyd.
|
| 260 |
|
|
|a Bratislava :
|b Príroda,
|c 1976
|
| 300 |
|
|
|a 237 s. :
|b il. (část barev.) ;
|c 28 cm
|
| 504 |
|
|
|a Obsahuje bibliografii a rejstřík
|
| 910 |
|
|
|a BOA001
|b 3-0750.864
|b PK-N-0017.631
|
| 920 |
|
|
|a 000088582
|
| 990 |
|
|
|a BK
|
| 996 |
7 |
|
|b 2619709925
|c 3-0750.864
|l MZK
|r Sklad / do 1 hodiny
|n 9
|w 000587328
|u 000010
|a 1
|e BOA001
|j MZK50
|s A
|